[Event "Madrid op1"]
[Site "Madrid"]
[Date "2005.09.25"]
[Round "4"]
[White "Martinez, David"]
[Black "Cabanas Bravo, Juan Andres"]
[Result "1-0"]
[WhiteElo "2120"]
[BlackElo "2140"]
[PlyCount "93"]
[EventDate "2005.09.22"]
[EventType "swiss"]
[EventRounds "9"]
[EventCountry "ESP"]
[SourceTitle "CBM 108 Extra"]
[Source "ChessBase"]
[SourceDate "2005.11.04"]
[SourceVersion "1"]
[SourceVersionDate "2005.11.04"]
[SourceQuality "1"]

1. d4 Nf6 2. c4 e5 3. dxe5 Ng4 4. e3 Nxe5 5. Nh3 Ng6 6. Be2 Bb4+ 7. Bd2 Bxd2+ 8. Qxd2 d6 9. Nf4 Nxf4 10. exf4 Bd7 11. Nc3 Bc6 12. Nd5 Bxd5 13. cxd5 a5 14. Rc1 0-0 15. Qc3 Na6 16. Bxa6 Rxa6 17. 0-0 c5 18. dxc6 Rxc6 19. Qd4 Qc7 20. Rxc6 bxc6 21. Rd1 Rd8 22. g3 Qb7 23. Rc1 Qa8 24. Qb6 Rc8 25. f5 d5 26. Rc5 f6 27. Rxa5 Qb8 28. Qxb8 Rxb8 29. b3 Rb7 30. Ra6 Rc7 31. f4 Kf8 32. Kf2 Ke7 33. Ke3 Kd6 34. b4 Kd7 35. Kd4 Kc8 36. Ra8+ Kb7 37. Re8 Kb6 38. a4 Rd7 39. g4 Ka7 40. Re6 Rb7 41. Kc5 d4 42. Rd6 d3 43. Rxd3 Re7 44. Kxc6 Re4 45. Rd7+ Kb8 46. b5 Rxa4 47. Rd8+ 1-0

[Event "Albacete op 13th"]
[Site "Albacete"]
[Date "2005.09.05"]
[Round "7"]
[White "Vitor, Antonio Pedro Caste"]
[Black "Martinez, David"]
[Result "1-0"]
[WhiteElo "2365"]
[BlackElo "2109"]
[PlyCount "76"]
[EventDate "2005.09.01"]
[EventType "swiss"]
[EventRounds "9"]
[EventCountry "ESP"]
[SourceTitle "CBM 108 Extra"]
[Source "ChessBase"]
[SourceDate "2005.11.04"]
[SourceVersion "1"]
[SourceVersionDate "2005.11.04"]
[SourceQuality "1"]

1. b3 e5 2. Bb2 Nc6 3. e3 d6 4. Nf3 Bg4 5. Be2 Be7 6. d3 Bf6 7. Nbd2 Bf5 8. Ne4 Be7 9. 0-0 Nf6 10. Ng3 Bg6 11. c4 0-0 12. Nh4 d5 13. cxd5 Nxd5 14. Nxg6 hxg6 15. Ne4 Qd7 16. a3 Rad8 17. Qc2 Nb6 18. Nc5 Bxc5 19. Qxc5 Qe6 20. Qc2 Rd6 21. b4 a6 22. Bc3 Rfd8 23. Rfb1 Nd5 24. a4 Nxc3 25. Qxc3 b5 26. g3 Qd5 27. Bf1 f5 28. axb5 Qxb5 29. Qb3+ Kh7 30. Qf7 R8d7 31. Qc4 Ne7 32. Qh4+ Kg8 33. Ra5 Qc6 34. Rxe5 g5 35. Qxg5 Rg6 36. Qh5 Qf6 37. d4 Nd5 38. Rxf5 Qc6 1-0

[Event "Albacete op 13th"]
[Site "Albacete"]
[Date "2005.09.04"]
[Round "5"]
[White "Diaz, Juan Carlos"]
[Black "Martinez, David"]
[Result "0-1"]
[WhiteElo "1950"]
[BlackElo "2109"]
[PlyCount "96"]
[EventDate "2005.09.01"]
[EventType "swiss"]
[EventRounds "9"]
[EventCountry "ESP"]
[SourceTitle "CBM 108 Extra"]
[Source "ChessBase"]
[SourceDate "2005.11.04"]
[SourceVersion "1"]
[SourceVersionDate "2005.11.04"]
[SourceQuality "1"]

1. e4 Nf6 2. e5 Nd5 3. Nf3 d6 4. Bc4 Nb6 5. Bb3 e6 6. d4 Nc6 7. 0-0 Be7 8. c3 dxe5 9. dxe5 Qxd1 10. Rxd1 h6 11. Nbd2 g5 12. Ne4 a6 13. h3 Nd7 14. Be3 Ndxe5 15. Nxe5 Nxe5 16. f4 gxf4 17. Bxf4 f6 18. Bxe5 fxe5 19. Rf1 Rf8 20. Rxf8+ Kxf8 21. Rf1+ Kg7 22. Rd1 b5 23. Kh2 a5 24. a3 Rb8 25. Rd3 a4 26. Ba2 Bb7 27. Rg3+ Kh8 28. Bb1 Rg8 29. Bd3 Rd8 30. Bc2 Bxe4 31. Bxe4 Bg5 32. Rd3 Rb8 33. Rd7 Bc1 34. Rxc7 Bxb2 35. Rb7 Rxb7 36. Bxb7 Bxc3 37. Bc6 b4 38. Bxa4 bxa3 39. Bb3 Kg7 40. Kg3 Kf6 41. Kf3 Kf5 42. Bc2+ e4+ 43. Bxe4+ Ke5 44. Bb1 Kd4 45. g4 Bd2 46. h4 e5 47. Ba2 e4+ 48. Ke2 Bf4 0-1